Proliferation concerns (Record no. 60802)
[ view plain ]
| 000 -LEADER | |
|---|---|
| fixed length control field | 01508nam a2200325 a 4500 |
| 082 04 - DEWEY DECIMAL CLASSIFICATION NUMBER | |
| Classification number | 327.1/747/0947 |
| 245 00 - TITLE STATEMENT | |
| Title | Proliferation concerns |
| 260 ## - PUBLICATION, DISTRIBUTION, ETC. (IMPRINT) | |
| Place of publication | Washington, D.C. : |
| Name of publisher | National Academy Press, |
| Year of publication | 1997. |
| 300 ## - PHYSICAL DESCRIPTION | |
| Number of Pages | xv, 142 p. |
| 650 #0 - SUBJECT ADDED ENTRY--TOPICAL TERM | |
| Topical Term | Nuclear weapons |
| Topical Term | Nuclear nonproliferation |
| Topical Term | Technical assistance, American |
| Topical Term | Export controls |
| Topical Term | Nuclear disarmament |
| 856 40 - ELECTRONIC LOCATION AND ACCESS | |
| Uniform Resource Identifier | http://site.ebrary.com/lib/rucke/Doc?id=10041179 |
No items available.
